000 00430nam a2200181Ia 4500
008 221030s9999 xx 000 0 und d
020 _a8120309863
041 _aEnglish
082 _a105.23
_bPuc
100 _aD. A. Pucknell
245 0 _aBasic VLSI Design
_cby D. A. Pucknell, K. Eshraghian
250 _a3rd
260 _bPHI
_aNew Delhi
_c2006
300 _a459
650 _aECE
700 _aK. Eshraghian
942 _cBK
999 _c3499
_d3499